<?xml version="1.0" encoding="UTF-8"?>
<marc:record xmlns:marc="http://www.loc.gov/MARC21/slim">
   <marc:leader>00000nam a2200000 a 4500</marc:leader>
   <marc:datafield ind1="1" ind2=" " tag="100">
      <marc:subfield code="a">Raab, Thomas</marc:subfield>
      <marc:subfield code="4">aut</marc:subfield>
      <marc:subfield code="e">Verfasser/-in</marc:subfield>
   </marc:datafield>
   <marc:datafield ind1=" " ind2=" " tag="653">
      <marc:subfield code="a">Unfall</marc:subfield>
   </marc:datafield>
   <marc:datafield ind1=" " ind2=" " tag="653">
      <marc:subfield code="a">Jauchegrube</marc:subfield>
   </marc:datafield>
   <marc:datafield ind1=" " ind2=" " tag="653">
      <marc:subfield code="a">Krimis, Thriller, Spionage / gatbeg</marc:subfield>
   </marc:datafield>
   <marc:datafield ind1="0" ind2="0" tag="245">
      <marc:subfield code="a">Helga räumt auf</marc:subfield>
   </marc:datafield>
   <marc:datafield ind1="0" ind2="0" tag="245">
      <marc:subfield code="b">Frau Huber ermittelt. Der zweite Fall</marc:subfield>
   </marc:datafield>
   <marc:datafield ind1=" " ind2="1" tag="264">
      <marc:subfield code="c">2020</marc:subfield>
   </marc:datafield>
   <marc:datafield ind1="1" ind2=" " tag="490">
      <marc:subfield code="a">Frau Huber ermittelt</marc:subfield>
   </marc:datafield>
   <marc:datafield ind1="1" ind2=" " tag="520">
      <marc:subfield code="a">Eigentlich hat sich die alte Huber ja von Herzen nach dem Sommer gesehnt. Alle Dorfbewohner auf Urlaub. Herrlich diese Ruhe! Aber zu früh gefreut. In der Affenhitze Glaubenthals braut sich etwas zusammen, und bald schon steckt die erste Leiche im Stroh. Ja, ganz richtig gelesen: Stroh. Genau genommen: im Strohballen. Mit großartigem schwarzem Humor und düsterer Fabulierlust schickt Thomas Raab seine Ermittlerin Hannelore »Hanni« Huber wieder auf die Jagd nach Verbrechern. Und diese scheinen sich gleich in zwei miteinander verfehdeten Familien zu finden: den Praxmosers und den Grubmüllers – allesamt Rindviecher erster Güte (wobei die einen eigentlich Schweinebauern sind) und zu allem bereit. So weit, so schlecht. Aber was um alles in der Welt hat die junge Helga mit all dem zu tun, dieses zauberhafte Wesen im Blumenkleid, das der Huberin zuvor nie sonderlich aufgefallen war? Fest steht: So harmlos, wie sie aussieht, ist sie beileibe nicht. Und bald schon muss Hanni ordentlich die Beine in die Hand nehmen, um den Anschluss nicht zu verlieren.</marc:subfield>
   </marc:datafield>
   <marc:datafield ind1=" " ind2=" " tag="020">
      <marc:subfield code="a">9783462053142</marc:subfield>
      <marc:subfield code="9">9783462053142</marc:subfield>
   </marc:datafield>
</marc:record>
